Which Sibling? Quiz Stats

 Plays Quiz Updated Oct 28, 2018

Score 0/20 Timer 06:00
6 Plays Today
% Correct
Jeb
93.3%
Kim
93%
Harry
92.5%
Casey
88.3%
Luke
87.6%
Eli
87.3%
Jessica
86.2%
Zooey
86%
Bobby
84.6%
Dennis
83.3%
% Correct
Wynonna
73.9%
Liam
69.7%
Alec
69.3%
Tito
65.5%
Malia
58.1%
Maggie
58%
Joe
57.3%
Bryant
50.7%
Eva
50.4%
Orville
49.3%

You're not logged in!

Compare scores with friends on all Sporcle quizzes.
OR
Log In

Sporcle TV

Today on Sporcle TV


Watch our educational content, quiz creation guides, and fun videos on Sporcle TV.

Show Comments

Extras

Top Quizzes Today


Score Distribution

Your Account Isn't Verified!

In order to create a playlist on Sporcle, you need to verify the email address you used during registration. Go to your Sporcle Settings to finish the process.

Report this User

Report this user for behavior that violates our Community Guidelines.

Details: